<?xml version="1.0" encoding="UTF-8"?>
<record
    xmlns:xsi="http://www.w3.org/2001/XMLSchema-instance"
    xsi:schemaLocation="http://www.loc.gov/MARC21/slim http://www.loc.gov/standards/marcxml/schema/MARC21slim.xsd"
    xmlns="http://www.loc.gov/MARC21/slim">

  <leader>00431nam a22001697a 4500</leader>
  <datafield tag="999" ind1=" " ind2=" ">
    <subfield code="c">525292</subfield>
    <subfield code="d">525292</subfield>
  </datafield>
  <controlfield tag="003">NUST</controlfield>
  <datafield tag="038" ind1=" " ind2=" ">
    <subfield code="a">waseem</subfield>
  </datafield>
  <datafield tag="082" ind1=" " ind2=" ">
    <subfield code="a">891.431092</subfield>
    <subfield code="b">ADB</subfield>
  </datafield>
  <datafield tag="245" ind1=" " ind2=" ">
    <subfield code="a">Hayat-e-Iqbal /</subfield>
  </datafield>
  <datafield tag="260" ind1=" " ind2=" ">
    <subfield code="a">Lahore :</subfield>
    <subfield code="b">Muhammad Sohail Umer,</subfield>
    <subfield code="c">1999.</subfield>
  </datafield>
  <datafield tag="300" ind1=" " ind2=" ">
    <subfield code="a">62 p. ;</subfield>
  </datafield>
  <datafield tag="500" ind1=" " ind2=" ">
    <subfield code="a">Paperback.</subfield>
  </datafield>
  <datafield tag="710" ind1=" " ind2=" ">
    <subfield code="a">Sobha-e-Adabiyat</subfield>
    <subfield code="9">16029</subfield>
  </datafield>
  <datafield tag="880" ind1=" " ind2=" ">
    <subfield code="6">710-01\r</subfield>
    <subfield code="a">&#x634;&#x639;&#x628;&#x6C1;&#x650; &#x627;&#x62F;&#x628;&#x6CC;&#x627;&#x62A;</subfield>
  </datafield>
  <datafield tag="880" ind1=" " ind2=" ">
    <subfield code="6">245-02\r</subfield>
    <subfield code="a">&#x62D;&#x6CC;&#x627;&#x62A;&#x650; &#x627;&#x642;&#x628;&#x627;&#x644; /</subfield>
  </datafield>
  <datafield tag="942" ind1=" " ind2=" ">
    <subfield code="2">ddc</subfield>
    <subfield code="c">BK</subfield>
  </datafield>
  <datafield tag="952" ind1=" " ind2=" ">
    <subfield code="0">0</subfield>
    <subfield code="1">0</subfield>
    <subfield code="2">ddc</subfield>
    <subfield code="4">0</subfield>
    <subfield code="7">0</subfield>
    <subfield code="a">CL</subfield>
    <subfield code="b">CL</subfield>
    <subfield code="c">LIT</subfield>
    <subfield code="d">2019-06-30</subfield>
    <subfield code="l">0</subfield>
    <subfield code="o">891.431092 ADB</subfield>
    <subfield code="p">CL-E-704</subfield>
    <subfield code="r">2019-06-30</subfield>
    <subfield code="w">2019-06-30</subfield>
    <subfield code="y">BK</subfield>
  </datafield>
</record>
